Statystyki dla Zawody na literę E

Kliknij tutaj aby rozwiązać quiz!

Ogólne statystyki

  • Ten quiz został rozwiązany 74 razy
  • Średni wynik to 4 z 12

Statystyki odpowiedzi

Zawód% Poprawnych
elektryk
94%
ekolog
45%
ekonomista
44%
endokrynolog
35%
elektronik
31%
ekspedientka
24%
energetyk
23%
elektromechanik
18%
edytor
16%
egzorcysta
15%
egzekutor
13%
etnograf
11%

Rozkład punktacji

Percentyl według liczby udzielonych odpowiedzi

Procent ludzi z każdym wynikiem

Twoja historia wyników

Nie rozwiązałeś tego quizu